000 01027naa a22002657a 4500
001 BR9101627
003 BR-BrBNA
005 20240918180652.0
007 ta
008 230509b bl.||||| |||| 00| 0 por d
040 _aBR-BrBNA
_bpor
_cBiblioteca Nacional de Agricultura
041 _a(Pt)
072 _aF62
090 _aF62 BR9101627
100 1 _aHandro, W.
100 1 _aFloh, E.I.S.
245 1 _aAspectos basicos do controle da morfogenese in vitro
260 3 _aBrasilia, DF (Brasil):
_c1990.
500 _aTorres, A.C.; Caldas, L.S. (eds.) Tecnicas e aplicacoes da cultura de tecidos de plantas Brasilia, DF (Brasil): 1990. p. 204-212 (BR9101627-AM)F62
650 _aMERISTEMA
650 _aFISIOLOGIA VEGETAL
773 0 _tTecnicas e aplicacoes da cultura de tecidos de plantas
_aTorres, A.C.; Caldas, L.S. (eds.). Centro Nacional de Pesquisa de Hortalicas, Brasilia, DF (Brasil)
_wF62 BR9101627
_gBrasilia, DF (Brasil), 1990. p. 204-212
909 _a202404
_bLucia
_c55
_dLucia Elande
942 _cAM
_2AGRIS
999 _c321581
_d321581